00405nam a2200169Ia 450000500170000000800410001702000150005808200130007324500270008625000090011326000380012230000170016065000100017765000130018765000180020070000170021820240604060112.0240331s9999 xx 000 0 und d a8186771565 bVIOa362 0aViolence against women a1st  aDelhibSerials Publicationsc2005 aviii,207 p., aWomen aViolence aHuman Rights  aUma Devi, K.